LDR 00902naa#a2200169#i#450# 001 RU\\bibl\120975 005 20260630015901.2 011 ## _a2782-5256 100 ## _a20251225b2025####ek#y0rusy0150####ca 102 ## _aRU 200 1# _aСовременные подходы к формированию методического обеспечения ситуационных и ситуалогических экспертиз, как средство предупреждения экспертных ошибок _eЖурнальная статья 210 1# _aМосква _cМосковский университет МВД России имени В.Я. Кикотя _d2025 215 ## _a3 с. 608 ## _aЖурнальная статья _2local 675 ## _aПраво. Юридические науки. 34 _z 700 #1 _aКудряшов _gДмитрий Александрович 856 4# _amosumvd.editorum.ru _u